The Puzzle Lady vs. The Sudoku Lady #11 [Large ... Read More
Available copies
- 2 of 2 copies available at LARL/NWRL Consortium.
Current holds
0 current holds with 2 total copies.
Show Only Available Copies
| Location | Call Number / Copy Notes | Barcode | Shelving Location | Status | Due Date |
|---|---|---|---|---|---|
| Detroit Lakes Public Library | LARGE PRINT M HAL (Text) | 33500011103439 | Main | Available | - |
| Mahnomen Public Library | LARGE PRINT M HAL (Text) | 33500011103447 | Main | Available | - |
Record details
- ISBN: 9781410425621
- ISBN: 1410425622
- Physical Description: p. cm.
- Publisher: Waterville, Me. : Thorndike Press, 2010.
Search for related items by subject
| Subject: | Felton, Cora (Fictitious character) > Fiction. Crossword puzzle makers > Fiction. Women > Crimes against > Fiction. Sudoku > Fiction. |
| Genre: | Mystery fiction. Large type books. |
Search for related items by series
| LDR | 01217nam a22003498a 4500 | ||
|---|---|---|---|
| 001 | 121358 | ||
| 003 | LARL_NWRL_CONSORTIUM | ||
| 005 | 20100806122415.0 | ||
| 008 | 100311r20102010meu d 000 1 eng | ||
| 020 | . | ‡a9781410425621 | |
| 020 | . | ‡a1410425622 | |
| 035 | . | ‡a(OCoLC)651011924 | |
| 082 | 0 | 0. | ‡a813/.54 ‡222 |
| 100 | 1 | . | ‡aHall, Parnell. ‡0(LARL_NWRL_CONSORTIUM)92460 |
| 245 | 1 | 4. | ‡aThe Puzzle Lady vs. The Sudoku Lady ‡n#11 ‡h[Large Print] / ‡cby Parnell Hall. |
| 260 | . | ‡aWaterville, Me. : ‡bThorndike Press, ‡c2010. | |
| 300 | . | ‡ap. cm. | |
| 490 | 0 | . | ‡aPuzzle lady ; ‡v11 |
| 650 | 0. | ‡aFelton, Cora (Fictitious character) ‡vFiction. ‡0(LARL_NWRL_CONSORTIUM)172091 | |
| 650 | 0. | ‡aCrossword puzzle makers ‡vFiction. ‡0(LARL_NWRL_CONSORTIUM)171755 | |
| 650 | 0. | ‡aWomen ‡xCrimes against ‡vFiction. ‡0(LARL_NWRL_CONSORTIUM)167995 | |
| 650 | 0. | ‡aSudoku ‡vFiction. | |
| 655 | 7. | ‡aMystery fiction. ‡2gsafd | |
| 655 | 0. | ‡aLarge type books. | |
| 901 | . | ‡a121358 ‡bOCLC ‡c121358 ‡tbiblio | |

Add to basket
Permalink
Disable Highlighting